Statistics for Michigan Counties Quiz

Click here to take the quiz!

General Stats

  • This quiz has been taken 5,866 times
    (5,234 since last reset)
  • The average score is 41 of 83

Answer Stats

County % Correct
Wayne
87%
Monroe
74%
Mackinac
74%
Huron
73%
Grand Traverse
71%
Oakland
71%
Bay
71%
Jackson
70%
Marquette
68%
Kalamazoo
67%
Saginaw
67%
Macomb
66%
Washtenaw
64%
Kent
63%
Houghton
60%
Saint Clair
59%
Muskegon
59%
Genesee
59%
Alpena
58%
Iron
58%
Lake
57%
Berrien
55%
Ingham
54%
Chippewa
54%
Livingston
52%
Ottawa
52%
Cheboygan
52%
Saint Joseph
51%
Lapeer
51%
Van Buren
51%
Allegan
51%
Keweenaw
49%
Charlevoix
49%
Clinton
48%
Leelanau
48%
Calhoun
48%
Midland
48%
Cass
48%
Hillsdale
47%
Sanilac
47%
Schoolcraft
47%
Emmet
46%
Lenawee
46%
Isabella
46%
Ionia
46%
Clare
46%
Manistee
45%
Eaton
45%
Mason
44%
Barry
44%
Delta
44%
Menominee
44%
Oceana
43%
Luce
42%
Shiawassee
42%
Branch
42%
Roscommon
42%
Benzie
42%
Newaygo
42%
Alger
42%
Gogebic
42%
Tuscola
41%
Gratiot
41%
Presque Isle
40%
Wexford
40%
Ontonagon
40%
Antrim
40%
Iosco
39%
Arenac
39%
Baraga
39%
Montcalm
39%
Dickinson
38%
Kalkaska
38%
Alcona
38%
Mecosta
36%
Otsego
36%
Crawford
35%
Oscoda
35%
Osceola
34%
Gladwin
34%
Montmorency
32%
Ogemaw
32%
Missaukee
30%

Score Distribution

Percentile by Number Answered

Percent of People with Each Score

Your Score History

You have not taken this quiz since the last reset